000 00369 a2200169 4500
001 48676
020 _a8516031322
040 _cAnchieta - Bela Vista
100 _aBandeira, Pedro
240 1 0 _aPequeno pode tudo
_lpor
245 1 0 _aPequeno pode tudo
300 _a47
362 0 _a2002
440 1 _aModerna
650 4 _aLiteratura infanto-juvenil
942 _cBK
999 _c48676
_d48676